000 00907cam a2200301 i 4500
001 768714001
003 CO-MdBIC
005 20231122150540.0
007 ta
008 231122t1986 -us||||| |||| 00| 0 spa d
020 _a0-0311-09114-8
040 _bspa.
_aCO-MdFUSB
_cCO-MdFUSB
_dCO-MdFUSBC
_erda
041 _aspa
082 0 4 _aG 231 H9271n
100 1 _aHumphreys, Fisher
245 1 0 _aLa naturaleza de Dios / Fisher Humphreys ; Arnoldo Canclini, Traductor
_c/
264 1 _aEl Paso, TX., USA : Casa Bautista de Publicaciones
_bCasa Bautista de Publicaciones,
_c[1986]
264 4 _c©1986
300 _a132 Pag
_c;
336 _atexto
_btxt
_2rdacontent
337 _2rdamedia
_asin mediación
_bn
338 _2rdacarrier
_avolumen
_bnc
500 _aTítulo original : The nature of God
650 7 _aDios
_9178
650 7 _aTeología doctrinal
_9179
942 _cBK
945 _aJohan1477
999 _c34386
_d34386